000 00503nam a2200193Ia 4500
005 20260429112209.0
008 260429s9999||||xx |||||||||||||| ||und||
020 _a9789355275769
041 _aEnglish
082 _a954.82
_bPIL
100 _aPillai, M. S. Purnalingam
245 0 _aTamil India /
_cM. S. Purnalingam Pillai
250 _a1st ed.
260 _aChennai :
_bMaven Books,
_c2023.
300 _a131 p.; hb
650 _a Tamil culture
650 _aTamil Nadu-History
942 _cTB
999 _c52846
_d52846